000 00694nam a22002057a 4500
003 OSt
005 20251029063839.0
008 251029b |||||||| |||| 00| 0 eng d
020 _a971-30-07522
040 _aDWCL-Main lib
_cOC
082 _2 Philippine edition
_aFil.621.3132 S622d 1978
100 _aSiskind, Charles S.
245 _aDirect- current machinery/
_cCharles S. Siskind
250 _aPhilippine edition
260 _aNew York:
_bMcGraw Hill Inc.,
_cc1978.
300 _avii, 319 pages :
_billustrations ;
_c22cm
504 _aIncludes bibliographical references
650 _a1. Electric machinery-- Direct current
942 _2ddc
_cBK - FIL
_ePhilippine edition
_kFil.
_n0
999 _c5302
_d5302